[Event "FIDE World Blitz-ch Women 2018"]
[Site "St. Petersburg"]
[Date "2018.12.29"]
[Round "4.47"]
[White "Kabanova, Ekaterina"]
[Black "Tokhirjonova, Gulrukhbegim"]
[Result "1/2-1/2"]
[WhiteElo "2095"]
[BlackElo "2444"]
[Annotator "NA"]
[PlyCount "231"]
[EventDate "2018.12.19"]
[EventType "swiss"]
[EventCountry "RUS"]
[SourceTitle "playchess.com"]
[Source "ChessBase"]
[SourceQuality "1"]

1. c4 e6 2. e3 b6 3. Nf3 Bb7 4. Be2 Nf6 5. Qc2 Be7 6. a3 d5 7. d3 c5 8. b3 O-O 9. Nbd2 Nc6 10. O-O a5 11. Bb2 Qc7 12. h3 Rfd8 13. Rfe1 h6 14. Bf1 e5 15. cxd5 Nxd5 16. Rac1 Bf6 17. Ne4 Be7 18. Qb1 f5 19. Ned2 Bf6 20. Nc4 b5 21. Ncd2 Qe7 22. Qc2 e4 23. dxe4 fxe4 24. Nh2 Bxb2 25. Qxb2 b4 26. Bc4 Kh8 27. Bxd5 Rxd5 28. Nc4 Rf8 29. axb4 Nxb4 30. Nb6 Rdf5 31. Re2 Nd3 32. Qc2 Nxc1 33. Qxc1 Ba6 34. Ra2 Bd3 35. Nc4 Qf6 36. Ng4 Qd8 37. Nce5 Kh7 38. Rd2 h5 39. Nxd3 exd3 40. Nh2 Qd5 41. Qc3 Rd8 42. Nf1 Rf7 43. Ng3 h4 44. Nf1 Rb7 45. Rb2 Rb4 46. e4 Qd4 47. Qd2 Qxe4 48. Ne3 a4 49. Qd1 axb3 50. Qh5+ Kg8 51. Qg5 Rf8 52. Qxc5 Qd4 53. Qc6 d2 54. Rb1 b2 55. Qe6+ Kh7 56. Qe7 Qf4 57. Ng4 Rf6 58. Nxf6+ Qxf6 59. Qxb4 Qd8 60. Qe4+ Kh8 61. Qc2 Qd4 62. Qd1 Qc3 63. Qh5+ Kg8 64. Qd5+ Kh7 65. Rd1 Qc1 66. Qd3+ Kh8 67. Qd8+ Kh7 68. Qd3+ g6 69. Qd7+ Kh6 70. Qxd2+ Qxd2 71. Rxd2 b1=Q+ 72. Kh2 Qb8+ 73. g3 hxg3+ 74. fxg3 Qe5 75. Rf2 Kh5 76. Rf4 g5 77. Rf2 Qe3 78. Rg2 Qf3 79. Ra2 Qd1 80. Rf2 Kg6 81. Ra2 Kf5 82. Rf2+ Ke4 83. g4 Ke3 84. Rf5 Qe2+ 85. Kg3 Qe1+ 86. Kg2 Ke4 87. Kh2 Qe2+ 88. Kg3 Qc2 89. Rf2 Qd3+ 90. Kg2 Qe3 91. Rf5 Qd2+ 92. Rf2 Qc1 93. Rf8 Qc6 94. Rf5 Ke3+ 95. Kg1 Qc1+ 96. Kg2 Qd2+ 97. Kg1 Qe1+ 98. Kg2 Qd2+ 99. Kg3 Qc1 100. Rf3+ Ke2 101. Rf2+ Ke3 102. Kg2 Ke4 103. Rf5 Qd2+ 104. Rf2 Qe1 105. Rf5 Kd3 106. Rd5+ Kc4 107. Rf5 Kc3 108. Rc5+ Kd4 109. Rf5 Ke4 110. Rf2 Ke3 111. Rf3+ Ke2 112. Rf5 Qc3 113. Rf2+ Ke1 114. Rf1+ Ke2 115. Rf2+ Kd1 116. Rf1+ 1/2-1/2

[Event "FIDE World Blitz-ch Women 2018"]
[Site "St. Petersburg"]
[Date "2018.12.29"]
[Round "4.48"]
[White "Nomin-Erdene, Davaademberel"]
[Black "Maroroa, Sue"]
[Result "1-0"]
[WhiteElo "2376"]
[BlackElo "2120"]
[Annotator "NA"]
[PlyCount "75"]
[EventDate "2018.12.19"]
[EventType "swiss"]
[EventCountry "RUS"]
[SourceTitle "playchess.com"]
[Source "ChessBase"]
[SourceQuality "1"]

1. e4 e5 2. Nf3 Nc6 3. Bb5 a6 4. Ba4 d6 5. c3 g6 6. d4 Bd7 7. d5 Nce7 8. Bxd7+ Qxd7 9. c4 Bg7 10. Nc3 h6 11. O-O f5 12. Ne1 Nf6 13. f3 O-O 14. Nd3 f4 15. c5 g5 16. cxd6 cxd6 17. Na4 Qc7 18. Bd2 Qc4 19. Be1 Rad8 20. Rc1 Qb5 21. Bf2 g4 22. Rc7 Ng6 23. Nc3 Qe8 24. Rxb7 h5 25. Qa4 Nd7 26. Ne1 Rf7 27. Qc6 Qe7 28. Qxa6 Qg5 29. Qa7 g3 30. Bb6 gxh2+ 31. Kh1 Ngf8 32. Bxd8 Qxd8 33. Nb5 Rf6 34. Nc7 Rg6 35. Ne6 Qh4 36. Rxd7 Nxd7 37. Qxd7 Rxg2 38. Nxg2 1-0

[Event "FIDE World Blitz-ch Women 2018"]
[Site "St. Petersburg"]
[Date "2018.12.29"]
[Round "4.49"]
[White "Shaydullina, Sandugach"]
[Black "Bezgodova, Svetlana"]
[Result "1/2-1/2"]
[WhiteElo "2033"]
[BlackElo "2046"]
[Annotator "NA"]
[PlyCount "124"]
[EventDate "2018.12.19"]
[EventType "swiss"]
[EventCountry "RUS"]
[SourceTitle "playchess.com"]
[Source "ChessBase"]
[SourceQuality "1"]

1. d4 Nf6 2. Nf3 c6 3. c4 d6 4. Nc3 Nbd7 5. e4 e5 6. Be2 Be7 7. O-O O-O 8. Re1 a6 9. a4 a5 10. h3 Re8 11. Be3 exd4 12. Nxd4 Nc5 13. Qc2 Qb6 14. Rad1 Bf8 15. f3 Bd7 16. Bf1 Rad8 17. Bf2 Bc8 18. g4 Nfd7 19. f4 Nb8 20. Nf5 Nba6 21. Bd4 Qb3 22. Qxb3 Nxb3 23. Bb6 Rd7 24. Re3 g6 25. Ng3 Nac5 26. Kh2 Bg7 27. Nge2 Bf8 28. Bg2 f6 29. Kg3 Rf7 30. Kf2 Be6 31. f5 Bxc4 32. Nf4 Kg7 33. Bf1 Bxf1 34. Kxf1 Nd7 35. Bc7 d5 36. Ne6+ Kg8 37. exd5 Nbc5 38. Bf4 cxd5 39. Nxd5 Nxa4 40. Ra3 Nac5 41. Ndc7 Rc8 42. Nb5 b6 43. Nxf8 Kxf8 44. Nd6 Re8 45. Nxf7 Kxf7 46. Rc3 Re7 47. Bd6 Re4 48. Bxc5 Nxc5 49. Rd8 gxf5 50. gxf5 Rf4+ 51. Kg2 Rxf5 52. Rb8 Nd7 53. Rb7 Rd5 54. Rcc7 Ke6 55. Rc6+ Rd6 56. Rc8 h5 57. Re8+ Kd5 58. Re7 Kc6 59. Ra7 Rd2+ 60. Kg3 Nc5 61. Rf7 Kb5 62. Kh4 Rxb2 1/2-1/2

[Event "FIDE World Blitz-ch Women 2018"]
[Site "St. Petersburg"]
[Date "2018.12.29"]
[Round "4.50"]
[White "Petrova, Irina"]
[Black "Assaubayeva, Bibisara"]
[Result "1/2-1/2"]
[WhiteElo "2124"]
[BlackElo "2372"]
[Annotator "NA"]
[PlyCount "108"]
[EventDate "2018.12.19"]
[EventType "swiss"]
[EventCountry "RUS"]
[SourceTitle "playchess.com"]
[Source "ChessBase"]
[SourceQuality "1"]

1. d4 Nf6 2. Bg5 g6 3. Bxf6 exf6 4. e3 Bg7 5. g3 O-O 6. Bg2 d5 7. Ne2 c6 8. Nd2 Nd7 9. c4 dxc4 10. Nxc4 Nb6 11. Nxb6 Qxb6 12. Qd2 f5 13. O-O Bd7 14. Rac1 Rac8 15. Nc3 f4 16. gxf4 Be6 17. a3 Qa5 18. Ne4 Qc7 19. Nc5 Qe7 20. Qb4 Rc7 21. Nxe6 Qxe6 22. d5 Qf6 23. dxc6 bxc6 24. Qa5 Rb7 25. b4 Rc8 26. Qa6 Rbc7 27. Rc5 Bf8 28. Rc4 Qf5 29. Rfc1 Qd3 30. Qa4 Bg7 31. Rxc6 Rxc6 32. Rxc6 Rd8 33. Rc1 Bb2 34. Rf1 Bxa3 35. Qxa7 Bxb4 36. Qb6 Bf8 37. Bf3 Re8 38. Rd1 Qf5 39. Qb3 Bh6 40. Bd5 Kg7 41. Rc1 Re7 42. Qb4 Rd7 43. Bf3 Rd8 44. Rc7 Qe6 45. Qc3+ Kg8 46. Qc4 Qxc4 47. Rxc4 Rd7 48. Kg2 Bf8 49. Ra4 Kg7 50. Be4 Re7 51. Bf3 Rd7 52. Be4 Re7 53. Bf3 Rd7 54. Be4 Re7 1/2-1/2

[Event "FIDE World Blitz-ch Women 2018"]
[Site "St. Petersburg"]
[Date "2018.12.29"]
[Round "4.51"]
[White "Badelka, Olga"]
[Black "Smirnova, Ekaterina"]
[Result "1-0"]
[WhiteElo "2385"]
[BlackElo "2192"]
[Annotator "NA"]
[PlyCount "179"]
[EventDate "2018.12.19"]
[EventType "swiss"]
[EventCountry "RUS"]
[SourceTitle "playchess.com"]
[Source "ChessBase"]
[SourceQuality "1"]

1. c4 c6 2. d4 d5 3. cxd5 cxd5 4. Nc3 Nf6 5. Bf4 Nc6 6. e3 Bf5 7. Nf3 e6 8. Ne5 Nd7 9. g4 Bg6 10. Nxg6 hxg6 11. Bg2 g5 12. Bg3 Be7 13. a3 Rc8 14. Rc1 Na5 15. O-O Nc4 16. Qe2 Qb6 17. Rc2 O-O 18. Rfc1 Qb3 19. e4 dxe4 20. Bxe4 Nd6 21. Bd3 Nb6 22. Qf3 Rc6 23. Ne4 Rxc2 24. Rxc2 Nxe4 25. Bxe4 Qxf3 26. Bxf3 Nd5 27. Bxd5 exd5 28. Rc7 Bf6 29. Be5 Bxe5 30. dxe5 Rb8 31. Rd7 Rc8 32. Rxb7 Rc2 33. b4 d4 34. Rxa7 d3 35. Rd7 d2 36. Kf1 Ra2 37. Ke2 Rxa3 38. Rxd2 Rb3 39. Rd4 Kf8 40. f3 Ke7 41. h3 Ke6 42. Re4 g6 43. Kf2 Kd5 44. Kg3 Ke6 45. Rc4 Kxe5 46. Rc7 Rxb4 47. Rxf7 Ke6 48. Ra7 Kf6 49. Ra6+ Kg7 50. Ra5 Kf6 51. Ra6+ Kg7 52. h4 gxh4+ 53. Kxh4 Rb5 54. f4 Rb4 55. Ra7+ Kf6 56. g5+ Kf5 57. Rf7+ Ke6 58. Rf6+ Ke7 59. Kg4 Rb1 60. Rxg6 Rg1+ 61. Kf5 Kf7 62. Ra6 Rb1 63. Ra7+ Kf8 64. g6 Rb5+ 65. Kg4 Kg8 66. f5 Rb6 67. Kg5 Kh8 68. f6 Rb8 69. g7+ Kh7 70. Ra5 Rc8 71. Rb5 Ra8 72. Re5 Rb8 73. Kf5 Ra8 74. Rd5 Rb8 75. Ke6 Ra8 76. Ke7 Rb8 77. Rd8 Rb7+ 78. Rd7 Rb8 79. Kf7 Ra8 80. Re7 Rb8 81. Rc7 Ra8 82. Ke7 Rb8 83. Kf7 Ra8 84. Re7 Rb8 85. Re8 Rb7+ 86. Ke6 Rb6+ 87. Ke5 Rb5+ 88. Kd6 Rb6+ 89. Kc5 Rxf6 90. g8=Q+ 1-0

[Event "FIDE World Blitz-ch Women 2018"]
[Site "St. Petersburg"]
[Date "2018.12.29"]
[Round "4.52"]
[White "Gromova, Iulia"]
[Black "Afonasieva, Anna"]
[Result "0-1"]
[WhiteElo "2241"]
[BlackElo "2207"]
[Annotator "NA"]
[PlyCount "80"]
[EventDate "2018.12.19"]
[EventType "swiss"]
[EventCountry "RUS"]
[SourceTitle "playchess.com"]
[Source "ChessBase"]
[SourceQuality "1"]

1. d4 d5 2. c4 c6 3. Nf3 Nf6 4. e3 e6 5. Bd3 Nbd7 6. O-O dxc4 7. Bxc4 b5 8. Bd3 Bd6 9. Nbd2 O-O 10. b3 e5 11. Bb2 Qe7 12. dxe5 Nxe5 13. Nxe5 Bxe5 14. Bxe5 Qxe5 15. Rc1 Bb7 16. Nf3 Qe7 17. Nd4 Rac8 18. Qc2 a6 19. Nf5 Qe6 20. b4 g6 21. Nd4 Qd6 22. Nb3 Qxb4 23. Nc5 Ba8 24. Nxa6 Qe7 25. Nc5 Nd5 26. Rfd1 Rfd8 27. a3 Qa7 28. Qb3 Nb6 29. Be4 Nc4 30. Nd3 Qxa3 31. Qxa3 Nxa3 32. Nb4 Rxd1+ 33. Rxd1 c5 34. Nd5 Bxd5 35. Bxd5 c4 36. Ra1 b4 37. Kf1 c3 38. Bb3 c2 39. Rc1 Rc3 40. Ba4 b3 0-1

[Event "FIDE World Blitz-ch Women 2018"]
[Site "St. Petersburg"]
[Date "2018.12.29"]
[Round "4.53"]
[White "Diakonova, Ekaterina"]
[Black "Kovanova, Baira"]
[Result "0-1"]
[WhiteElo "2225"]
[BlackElo "2352"]
[Annotator "NA"]
[PlyCount "92"]
[EventDate "2018.12.19"]
[EventType "swiss"]
[EventCountry "RUS"]
[SourceTitle "playchess.com"]
[Source "ChessBase"]
[SourceQuality "1"]

1. e4 d6 2. d4 g6 3. Nc3 Bg7 4. f4 Nd7 5. Nf3 c5 6. Be3 cxd4 7. Nxd4 Nc5 8. Be2 Nf6 9. Bf3 O-O 10. O-O a6 11. a4 Qc7 12. Qe2 e5 13. fxe5 dxe5 14. Nb3 Nxb3 15. cxb3 Be6 16. Qc2 Rac8 17. a5 Qe7 18. Bb6 Qb4 19. Ra3 Nd7 20. Ra4 Qe7 21. Qf2 Bxb3 22. Ra3 Bc4 23. Nd5 Bxd5 24. exd5 e4 25. Bd1 Nxb6 26. Qxb6 Rc4 27. Be2 Bd4+ 28. Kh1 Bxb6 29. Bxc4 Bc5 30. Rb3 e3 31. Be2 Rd8 32. Rd3 Qe4 33. Rfd1 Rd6 34. Bf3 Qe5 35. b3 Bb4 36. Be2 Bd2 37. Bf3 Kg7 38. Kg1 h5 39. g3 h4 40. gxh4 Qf4 41. Kg2 Qxh4 42. Rf1 Qg5+ 43. Kh1 Qf5 44. Be2 Qe4+ 45. Kg1 Rxd5 46. Bf3 Rg5+ 0-1

[Event "FIDE World Blitz-ch Women 2018"]
[Site "St. Petersburg"]
[Date "2018.12.29"]
[Round "4.54"]
[White "Nebolsina, Vera"]
[Black "Loskutova, Viktoriya"]
[Result "1-0"]
[WhiteElo "2242"]
[BlackElo "2105"]
[Annotator "NA"]
[PlyCount "105"]
[EventDate "2018.12.19"]
[EventType "swiss"]
[EventCountry "RUS"]
[SourceTitle "playchess.com"]
[Source "ChessBase"]
[SourceQuality "1"]

1. e4 c5 2. Nc3 g6 3. Bc4 Bg7 4. d3 e6 5. h4 h5 6. Nf3 Ne7 7. Bg5 Nbc6 8. Qd2 a6 9. a4 Qc7 10. O-O O-O 11. Bh6 b6 12. Bxg7 Kxg7 13. Ne2 d5 14. Ba2 Bb7 15. Qg5 f6 16. Qe3 Ne5 17. Nf4 Qd6 18. Nxe5 fxe5 19. Nh3 Rf6 20. Ng5 Raf8 21. Qh3 Bc8 22. Rae1 Nc6 23. c3 b5 24. axb5 axb5 25. Qg3 c4 26. d4 Qb8 27. exd5 exd5 28. dxe5 Rf5 29. Bb1 Rxe5 30. Nf3 Ref5 31. Qxb8 Nxb8 32. Bxf5 Bxf5 33. Nd4 Bd3 34. Ne6+ Kf7 35. Nxf8 Kxf8 36. Re5 Kf7 37. Rxd5 Nc6 38. Re1 Na5 39. Rxb5 Nb3 40. Rb7+ Kf6 41. Rb6+ Kf5 42. g3 Kg4 43. Kg2 Kf5 44. Re8 Nd2 45. Rf8+ Ke5 46. Rb5+ Kd6 47. Rf6+ Kc7 48. f3 Nb3 49. Rg5 Nd2 50. Rgxg6 Bxg6 51. Rxg6 Nb3 52. g4 hxg4 53. fxg4 1-0

[Event "FIDE World Blitz-ch Women 2018"]
[Site "St. Petersburg"]
[Date "2018.12.29"]
[Round "4.55"]
[White "Tomashevskaya, Lidia"]
[Black "Injac, Teodora"]
[Result "1-0"]
[WhiteElo "2123"]
[BlackElo "2325"]
[Annotator "NA"]
[PlyCount "82"]
[EventDate "2018.12.19"]
[EventType "swiss"]
[EventCountry "RUS"]
[SourceTitle "playchess.com"]
[Source "ChessBase"]
[SourceQuality "1"]

1. e4 e6 2. d4 d5 3. e5 c5 4. c3 Nc6 5. Nf3 Qb6 6. a3 Nh6 7. b4 cxd4 8. cxd4 Nf5 9. Bb2 Bd7 10. g4 Nfe7 11. Nc3 h5 12. gxh5 Rxh5 13. Na4 Qd8 14. Nc5 Rb8 15. Nd2 Rh6 16. Nxd7 Qxd7 17. Nb3 Nf5 18. Nc5 Bxc5 19. dxc5 a6 20. Bd3 Rh4 21. Kf1 Rd8 22. Bxf5 exf5 23. Qd2 Qe6 24. Qg5 Rg4 25. Qh5 d4 26. h3 Rg6 27. Rd1 d3 28. Qh8+ Ke7 29. Qh4+ Ke8 30. Qh8+ Kd7 31. Rxd3+ Kc7 32. Rxd8 Nxd8 33. Qh4 Nc6 34. Rg1 Qb3 35. Rxg6 fxg6 36. Qg3 Qxb2 37. e6+ Qe5 38. Qxg6 Ne7 39. Qf7 Qf6 40. h4 Kb8 41. h5 Qa1+ 1-0

[Event "FIDE World Blitz-ch Women 2018"]
[Site "St. Petersburg"]
[Date "2018.12.29"]
[Round "4.56"]
[White "Gvanceladze, Anna"]
[Black "Romanovskaya, Anna"]
[Result "0-1"]
[WhiteElo "2264"]
[BlackElo "2210"]
[Annotator "NA"]
[PlyCount "118"]
[EventDate "2018.12.19"]
[EventType "swiss"]
[EventCountry "RUS"]
[SourceTitle "playchess.com"]
[Source "ChessBase"]
[SourceQuality "1"]

1. d4 g6 2. Nf3 Bg7 3. Bf4 d6 4. e3 Nd7 5. h3 e5 6. Bh2 Qe7 7. c3 Ngf6 8. Be2 Ne4 9. O-O O-O 10. Nbd2 Nxd2 11. Nxd2 f5 12. b4 Nf6 13. Nc4 Ne4 14. Qc2 Kh8 15. Rfe1 b5 16. Na5 Bd7 17. Rad1 Rad8 18. c4 c6 19. Bf3 d5 20. cxd5 cxd5 21. Nc6 Bxc6 22. Qxc6 exd4 23. exd4 Qxb4 24. Rb1 Qxd4 25. Bxe4 fxe4 26. Bg3 b4 27. Red1 Qc3 28. Qb7 e3 29. fxe3 Qxe3+ 30. Kh2 Be5 31. Bxe5+ Qxe5+ 32. Kh1 a5 33. Re1 Qg3 34. Re7 Qh4 35. Qc7 d4 36. Rbe1 d3 37. Qxa5 d2 38. Rd1 Qxe7 39. Kh2 Qd6+ 40. Kh1 Qe7 41. Kh2 Rf2 42. Qb6 Qe5+ 43. Kh1 Qe2 44. Qxd8+ Kg7 45. Qd7+ Kh6 46. Kh2 Qxd1 47. Qd4 Qe2 48. Qh4+ Kg7 49. Qd4+ Rf6 50. Qd7+ Rf7 51. Qd4+ Kg8 52. Qd8+ Kg7 53. Qd4+ Kf8 54. Qd8+ Qe8 55. Qxd2 Qe5+ 56. Kg1 Qf4 57. Qd8+ Kg7 58. Qb6 Re7 59. Qf2 Qxf2+ 0-1

[Event "FIDE World Blitz-ch Women 2018"]
[Site "St. Petersburg"]
[Date "2018.12.29"]
[Round "4.57"]
[White "Guseva, Marina"]
[Black "Kirchei, Viktoriia"]
[Result "1-0"]
[WhiteElo "2408"]
[BlackElo "1972"]
[Annotator "NA"]
[PlyCount "91"]
[EventDate "2018.12.19"]
[EventType "swiss"]
[EventCountry "RUS"]
[SourceTitle "playchess.com"]
[Source "ChessBase"]
[SourceQuality "1"]

1. d4 d5 2. c4 e6 3. Nc3 c6 4. e3 Nf6 5. Nf3 Bd6 6. Bd3 O-O 7. e4 dxe4 8. Nxe4 Bb4+ 9. Bd2 Bxd2+ 10. Qxd2 Nxe4 11. Bxe4 h6 12. O-O-O Qf6 13. h4 Rd8 14. g4 e5 15. dxe5 Rxd2 16. exf6 Rxd1+ 17. Rxd1 Nd7 18. Bf5 Nf8 19. Rd8 Bxf5 20. Rxa8 Bxg4 21. Ne5 Be6 22. fxg7 Kxg7 23. Rxa7 Kf6 24. f4 b5 25. c5 Bd5 26. Kd2 Kf5 27. Nxf7 Ng6 28. Nxh6+ Kf6 29. Ng4+ Ke6 30. f5+ Kxf5 31. Ne3+ Ke6 32. Nxd5 Kxd5 33. h5 Ne5 34. h6 Kxc5 35. h7 Ng6 36. Rg7 Nh8 37. Rg8 Nf7 38. h8=Q Nxh8 39. Rxh8 Kb4 40. Rh4+ Ka5 41. Kc3 c5 42. a3 c4 43. Rh6 b4+ 44. axb4+ Ka4 45. Ra6+ Kb5 46. Ra5+ 1-0

[Event "FIDE World Blitz-ch Women 2018"]
[Site "St. Petersburg"]
[Date "2018.12.29"]
[Round "4.58"]
[White "Makarenko, Alexandra"]
[Black "Sviridova, Vlada"]
[Result "1/2-1/2"]
[WhiteElo "2228"]
[BlackElo "2144"]
[Annotator "NA"]
[PlyCount "111"]
[EventDate "2018.12.19"]
[EventType "swiss"]
[EventCountry "RUS"]
[SourceTitle "playchess.com"]
[Source "ChessBase"]
[SourceQuality "1"]

1. e4 e6 2. d4 d5 3. Nc3 Nf6 4. Bg5 dxe4 5. Nxe4 Be7 6. Bxf6 gxf6 7. c3 f5 8. Ng3 Nd7 9. Nf3 Nf6 10. Qb3 c6 11. O-O-O a5 12. Bd3 a4 13. Qc2 Qd5 14. c4 Qa5 15. Kb1 O-O 16. Qe2 b5 17. Ne5 Bb7 18. Nh5 Nxh5 19. Qxh5 Bf6 20. g4 bxc4 21. Nxc4 Qd5 22. gxf5 Kh8 23. Rhg1 Ba6 24. Rg3 Rg8 25. Rh3 Rg7 26. fxe6 Qxh5 27. Rxh5 fxe6 28. Ne5 Bxe5 29. Rxe5 Bxd3+ 30. Rxd3 Rf8 31. Rd2 Rf6 32. Rc5 Rc7 33. Kc2 Kg7 34. Rc4 Kf7 35. Rxa4 Ke7 36. Ra5 Kd6 37. Rh5 h6 38. a4 Rb7 39. b3 Rf3 40. Rxh6 Rbxb3 41. h4 Rfc3+ 42. Kd1 Rh3 43. Re2 Rbd3+ 44. Kc2 Rc3+ 45. Kb2 Rb3+ 46. Kc2 Rhc3+ 47. Kd2 Rd3+ 48. Kc2 Rbc3+ 49. Kb2 Rb3+ 50. Kc2 Rbc3+ 51. Kb2 Rb3+ 52. Kc2 Rdc3+ 53. Kd2 Rd3+ 54. Kc2 Rbc3+ 55. Kb2 Rb3+ 56. Kc2 1/2-1/2

[Event "FIDE World Blitz-ch Women 2018"]
[Site "St. Petersburg"]
[Date "2018.12.29"]
[Round "4.59"]
[White "Gritsayeva, Oksana"]
[Black "Tevzadze, Mariam"]
[Result "1-0"]
[WhiteElo "2378"]
[BlackElo "1967"]
[Annotator "NA"]
[PlyCount "107"]
[EventDate "2018.12.19"]
[EventType "swiss"]
[EventCountry "RUS"]
[SourceTitle "playchess.com"]
[Source "ChessBase"]
[SourceQuality "1"]

1. e4 d6 2. d4 Nf6 3. Nc3 Nbd7 4. g3 e5 5. Nge2 c6 6. a4 Qc7 7. Bg2 Be7 8. O-O h6 9. h3 g5 10. Be3 Nf8 11. Qd2 Ng6 12. a5 Bd7 13. a6 b5 14. Nc1 Qc8 15. Kh2 Nh5 16. Nb3 f6 17. Qe2 Ng7 18. d5 b4 19. dxc6 Bxc6 20. Nd5 Bxd5 21. exd5 O-O 22. Na5 f5 23. Nc6 Qd7 24. Bd2 f4 25. Be4 Nh8 26. Qg4 Qc7 27. Bxb4 h5 28. Qe2 Nf7 29. c4 Nh6 30. g4 hxg4 31. hxg4 f3 32. Bxf3 Rf4 33. Kg2 Raf8 34. Ra3 Qd7 35. Nxe7+ Qxe7 36. Rh1 Nxg4 37. Bxg4 Rxf2+ 38. Qxf2 Rxf2+ 39. Kxf2 e4 40. Bc3 Qf7+ 41. Ke2 Qf4 42. Rg1 Nf5 43. Bxf5 Qf3+ 44. Ke1 Qe3+ 45. Kf1 Qf3+ 46. Ke1 Qe3+ 47. Kd1 Qxg1+ 48. Kc2 Qf2+ 49. Kb3 Qxf5 50. Bd4 g4 51. Bxa7 e3 52. Bxe3 Qd3+ 53. Kb4 Qxe3 54. Rxe3 1-0

[Event "FIDE World Blitz-ch Women 2018"]
[Site "St. Petersburg"]
[Date "2018.12.29"]
[Round "4.60"]
[White "Bulatova, Kamaliya"]
[Black "Komiagina, Maria"]
[Result "1-0"]
[WhiteElo "2007"]
[BlackElo "2234"]
[Annotator "NA"]
[PlyCount "105"]
[EventDate "2018.12.19"]
[EventType "swiss"]
[EventCountry "RUS"]
[SourceTitle "playchess.com"]
[Source "ChessBase"]
[SourceQuality "1"]

1. d4 Nf6 2. Bf4 g6 3. Nc3 Bg7 4. e4 d6 5. Qd2 h6 6. h4 a6 7. O-O-O b5 8. a3 Bb7 9. f3 Nbd7 10. Kb1 e5 11. dxe5 Nxe5 12. Nh3 Nfd7 13. Be2 Nc4 14. Bxc4 bxc4 15. Qe2 O-O 16. Qxc4 Nb6 17. Qb3 Qe7 18. Be3 Bc6 19. Bd4 Rab8 20. Qa2 Bxd4 21. Rxd4 Qf6 22. Rhd1 Nd7 23. Nf2 Rb6 24. Rb4 Rfb8 25. Ng4 Qg7 26. Qc4 h5 27. Ne3 Ne5 28. Qd4 a5 29. Rxb6 Rxb6 30. f4 Nd7 31. Qxg7+ Kxg7 32. Ned5 Rb7 33. Kc1 Nc5 34. Re1 Bxd5 35. Nxd5 c6 36. Nc3 Re7 37. Kd2 Rb7 38. b3 Kf6 39. g3 Ke6 40. Ke3 Nd7 41. Ne2 c5 42. Nc3 Nb6 43. Kd3 a4 44. Rf1 axb3 45. cxb3 Ra7 46. a4 Nd7 47. Kc4 Nb8 48. Nb5 Ra6 49. Nc7+ Kd7 50. Nxa6 Nxa6 51. Rd1 Kc6 52. e5 d5+ 53. Rxd5 1-0

[Event "FIDE World Blitz-ch Women 2018"]
[Site "St. Petersburg"]
[Date "2018.12.29"]
[Round "4.61"]
[White "Kosteniuk, Oksana"]
[Black "Iljushina, Olga"]
[Result "0-1"]
[WhiteElo "2096"]
[BlackElo "2259"]
[Annotator "NA"]
[PlyCount "72"]
[EventDate "2018.12.19"]
[EventType "swiss"]
[EventCountry "RUS"]
[SourceTitle "playchess.com"]
[Source "ChessBase"]
[SourceQuality "1"]

1. Nf3 c5 2. g3 Nc6 3. Bg2 e5 4. d3 g6 5. e4 Bg7 6. c3 Nge7 7. Be3 d6 8. Nbd2 O-O 9. O-O h6 10. Nc4 f5 11. Qc1 Kh7 12. a4 Be6 13. Na3 a6 14. Ne1 Rb8 15. Nec2 b5 16. axb5 axb5 17. Nb1 Qd7 18. f4 b4 19. Nd2 bxc3 20. bxc3 exf4 21. Bxf4 Bxc3 22. Ra6 Bg7 23. exf5 Bxf5 24. Ne4 Bxe4 25. Bxe4 Nd4 26. Nxd4 Bxd4+ 27. Kg2 Rb2+ 28. Kh1 Qh3 29. g4 Be3 30. Qxe3 Qxf1+ 31. Qg1 Qxf4 32. Rxd6 Qxd6 33. d4 Rff2 34. Bg2 Rxg2 35. Qxg2 Rxg2 36. Kxg2 Qxd4 0-1

[Event "FIDE World Blitz-ch Women 2018"]
[Site "St. Petersburg"]
[Date "2018.12.29"]
[Round "4.62"]
[White "Stetsko, Lanita"]
[Black "Belova, Olga"]
[Result "0-1"]
[WhiteElo "2194"]
[BlackElo "2069"]
[Annotator "NA"]
[PlyCount "82"]
[EventDate "2018.12.19"]
[EventType "swiss"]
[EventCountry "RUS"]
[SourceTitle "playchess.com"]
[Source "ChessBase"]
[SourceQuality "1"]

1. e4 e5 2. Nf3 Nc6 3. Bb5 g6 4. Nc3 Bg7 5. d4 Nxd4 6. Nxd4 exd4 7. Ne2 c6 8. Bc4 Qb6 9. O-O Ne7 10. c3 dxc3 11. Nxc3 O-O 12. Bg5 Qc5 13. Qd2 Qxc4 14. Bxe7 Re8 15. Bg5 b5 16. Rac1 Qd4 17. Qe2 d6 18. Rfd1 Qe5 19. Be3 b4 20. Bd4 Qe7 21. Bxg7 Kxg7 22. Na4 c5 23. f3 Be6 24. b3 Red8 25. Nb2 Qf6 26. Nc4 Bxc4 27. Rxc4 a5 28. Qc2 a4 29. bxa4 Qe5 30. g3 Qe7 31. Qb2+ Kg8 32. f4 Rxa4 33. e5 d5 34. Rc2 c4 35. Qb1 Qc5+ 36. Kg2 Rda8 37. Kh3 d4 38. Qc1 c3 39. Rcd2 Qc8+ 40. Kg2 cxd2 41. Qxd2 Rxa2 0-1

[Event "FIDE World Blitz-ch Women 2018"]
[Site "St. Petersburg"]
[Date "2018.12.29"]
[Round "5.1"]
[White "Koneru, Humpy"]
[Black "Lagno, Kateryna"]
[Result "1/2-1/2"]
[WhiteElo "2541"]
[BlackElo "2560"]
[Annotator "ChessBase"]
[PlyCount "161"]
[EventDate "2018.12.19"]
[EventType "swiss"]
[EventCountry "RUS"]
[SourceTitle "playchess.com"]
[Source "ChessBase"]
[SourceQuality "1"]

1. d4 d6 2. Nf3 Nf6 3. g3 g6 4. Bg2 Bg7 5. O-O O-O 6. b3 Nbd7 7. Bb2 c6 8. c4 Re8 9. Nc3 e5 10. e4 exd4 11. Nxd4 Nc5 12. Qc2 Qb6 13. Rad1 a5 14. a3 Bg4 15. f3 Be6 16. Kh1 a4 17. b4 Bxc4 18. bxc5 dxc5 19. Nde2 Bb3 20. Qc1 Bxd1 21. Rxd1 Qa6 22. Nf4 b5 23. e5 Rxe5 24. Nxb5 Re7 25. Nd6 Rd8 26. Bf1 Qa7 27. Nc4 Red7 28. Rxd7 Qxd7 29. Be2 g5 30. Nd3 Qd5 31. Ne3 Qe6 32. Nxc5 Qe7 33. Bc4 Re8 34. Nf5 Qe1+ 35. Qxe1 Rxe1+ 36. Kg2 Rb1 37. Bd4 Rc1 38. Bd3 Bf8 39. Nxa4 Rd1 40. Nb2 Rd2+ 41. Kf1 Bxa3 42. Bxf6 Bxb2 43. Nh6+ Kf8 44. Bxb2 Rxb2 45. Nf5 Rxh2 46. Be2 c5 47. Ne3 Rh6 48. Bc4 Rh1+ 49. Ke2 Ke7 50. g4 Kd6 51. Bxf7 Ke5 52. Bg8 Rh2+ 53. Kd3 h5 54. gxh5 Rxh5 55. Bc4 Rh3 56. Bd5 Kf4 57. Bc6 Rh1 58. Nd5+ Kg3 59. Nc3 Rf1 60. Kc4 Rxf3 61. Ne4+ Kf4 62. Nxg5 Rf1 63. Ne6+ Ke5 64. Nxc5 Rc1+ 65. Kb4 Kd6 66. Nb3 Rxc6 67. Kb5 Rc8 68. Kb4 Kd5 69. Nd2 Rb8+ 70. Kc3 Rh8 71. Kb4 Rh2 72. Nb3 Rh4+ 73. Kb5 Rh8 74. Kb4 Rb8+ 75. Kc3 Kc6 76. Nd4+ Kc5 77. Nb3+ Kd5 78. Nd2 Rc8+ 79. Kb4 Kd4 80. Nb3+ Kd3 81. Nc5+ 1/2-1/2

[Event "FIDE World Blitz-ch Women 2018"]
[Site "St. Petersburg"]
[Date "2018.12.29"]
[Round "5.2"]
[White "Ju, Wenjun"]
[Black "Bodnaruk, Anastasia"]
[Result "1/2-1/2"]
[WhiteElo "2575"]
[BlackElo "2420"]
[Annotator "ChessBase"]
[PlyCount "64"]
[EventDate "2018.12.19"]
[EventType "swiss"]
[EventCountry "RUS"]
[SourceTitle "playchess.com"]
[Source "ChessBase"]
[SourceQuality "1"]

1. d4 Nf6 2. Nf3 g6 3. g3 Bg7 4. Bg2 O-O 5. O-O d5 6. Nbd2 b6 7. c4 Bb7 8. cxd5 Bxd5 9. Qc2 Nbd7 10. e4 Bb7 11. Re1 e6 12. Nc4 Qe7 13. Bf4 Rac8 14. Rac1 Rfd8 15. a3 h6 16. h3 g5 17. Bd2 c5 18. d5 b5 19. Na5 Ba8 20. Rcd1 exd5 21. exd5 Qd6 22. Nc6 Bxc6 23. dxc6 Qxc6 24. Nxg5 Qb6 25. Nf3 Nf8 26. Nh4 Ne6 27. Nf5 Nd4 28. Qb1 Nxf5 29. Qxf5 Qd6 30. Bc3 Qb6 31. g4 b4 32. Be5 bxa3 1/2-1/2